00803nam a22001817a 4500003000900000008004100009040007100050082002700121100002900148245007000177260003300247300002900280505022300309650001700532650002100549650002300570650002800593AR-CdUCM190417b ||||| |||| 00| 0 spa d aMUNICIPALIDAD PROVINCIAL DEL CUSCOcBIBLIOTECA MUNICIPAL DEL CUSCO aC / 920.785 / C77bC77 aCornejo Bouroncle, Jorge aSangre andina diez mujeres cuzqueñas /cJorge Cornejo Bouroncle aCuzco :bH. G. Rozas,c1949. a270 páginas. :c19 cm. aContenido: Chañan Curicoca -- Ccori Ocllo -- Chimpu Ocllo -- Micaela bastidas -- Tomasa Tito Condemayta -- Cecilia Tupac Amaru -- Marcela Castro -- Manuela Tito Condori -- Francisca Zubiaga -- Trinidad M. Enríquez. aBiografías aMujeres peruanas aHistoria del Cusco aProceso independentista